<?xml version="1.0" encoding="UTF-8"?>
<collection xmlns="http://www.loc.gov/MARC21/slim">
 <record>
  <leader>00853nam a2200217 a 4500</leader>
  <controlfield tag="001">1/54601</controlfield>
  <controlfield tag="008">211204s2002    gr            000 | gre d</controlfield>
  <datafield tag="020" ind1=" " ind2=" ">
   <subfield code="a">9603017000</subfield>
  </datafield>
  <datafield tag="040" ind1=" " ind2=" ">
   <subfield code="a">GR-PeUP</subfield>
  </datafield>
  <datafield tag="082" ind1="0" ind2="0">
   <subfield code="a">342.5693 ΒΑΣ</subfield>
  </datafield>
  <datafield tag="100" ind1="1" ind2=" ">
   <subfield code="a">Βασιλακάκης, Ευάγγελος Ν.</subfield>
  </datafield>
  <datafield tag="245" ind1="0" ind2="0">
   <subfield code="a">Στοιχεία κυπριακού δικαίου /</subfield>
   <subfield code="c">Ε. Βασιλακάκης, Σ. Παπασάββας.</subfield>
  </datafield>
  <datafield tag="260" ind1=" " ind2=" ">
   <subfield code="a">Αθήνα : </subfield>
   <subfield code="b">Σάκκουλας,</subfield>
   <subfield code="c">2002.</subfield>
  </datafield>
  <datafield tag="300" ind1=" " ind2=" ">
   <subfield code="a">254 σ. ;</subfield>
   <subfield code="c">22 εκ.</subfield>
  </datafield>
  <datafield tag="650" ind1=" " ind2="0">
   <subfield code="a">Law</subfield>
   <subfield code="z">Cyprus.</subfield>
  </datafield>
  <datafield tag="650" ind1=" " ind2="4">
   <subfield code="a">Δίκαιο</subfield>
   <subfield code="z">Κύπρος.</subfield>
  </datafield>
  <datafield tag="651" ind1=" " ind2="0">
   <subfield code="a">Cyprus</subfield>
   <subfield code="x">Law and legislation.</subfield>
  </datafield>
  <datafield tag="651" ind1=" " ind2="4">
   <subfield code="a">Κύπρος</subfield>
   <subfield code="x">Δίκαιο και νομοθεσία.</subfield>
  </datafield>
  <datafield tag="700" ind1="1" ind2=" ">
   <subfield code="a">Παπασάββας, Σάββας Σ.</subfield>
  </datafield>
  <datafield tag="852" ind1=" " ind2=" ">
   <subfield code="a">INST</subfield>
   <subfield code="b">UNIPILB</subfield>
   <subfield code="c">MAIN</subfield>
   <subfield code="e">20211204</subfield>
   <subfield code="h">342.5693 ΒΑΣ</subfield>
   <subfield code="p">00186990</subfield>
   <subfield code="q">00186990</subfield>
   <subfield code="t">LOAN</subfield>
   <subfield code="y">0</subfield>
   <subfield code="4">1</subfield>
  </datafield>
  <datafield tag="960" ind1=" " ind2=" ">
   <subfield code="a">ΑΛΜΠΑΝΗ ΤΑΝΙΑ</subfield>
  </datafield>
 </record>
</collection>
